| 000 | 01113cam a2200145 4500500 | ||
|---|---|---|---|
| 005 | 20260405085432.0 | ||
| 041 | _afre | ||
| 042 | _adc | ||
| 100 | 1 | 0 |
_aZufferey, Sandrine _eauthor |
| 700 | 1 | 0 |
_aMoeschler, Jacques _eauthor |
| 245 | 0 | 0 | _aInitiation à la linguistique française |
| 260 |
_bArmand Colin,
_c2021. |
||
| 520 | _aInitiation à la linguistique française présente de manière accessible mais complète les domaines de la linguistique : langage et communication, phonétique et phonologie, syntaxe, morphologie, sémantique, pragmatique. Cette synthèse offre aussi un état actuel des connaissances en philosophie du langage et de l’esprit, psychologie cognitive, neurosciences et pragmatique cognitive. Conçu à partir d’un cours universitaire accompagné de travaux pratiques, cet ouvrage est le fruit d’une longue expérience d’enseignement auprès d’étudiants de littérature, de linguistique et de psychologie en première année de licence. | ||
| 856 | 4 | 1 | _uhttps://shs.cairn.info/initiation-a-la-linguistique-francaise--9782200626594?lang=fr&redirect-ssocas=7080 |
| 999 |
_c2197556 _d2197556 |
||